Modernising for the millennium (Record no. 100708)
[ view plain ]
| 000 -LEADER | |
|---|---|
| fixed length control field | 01190cam a2200313 4500 |
| 008 - FIXED-LENGTH DATA ELEMENTS--GENERAL INFORMATION | |
| fixed length control field | 000000n1999 000 0 eng u |
| 022 ## - INTERNATIONAL STANDARD SERIAL NUMBER | |
| International Standard Serial Number | 0307-4870 |
| 035 ## - SYSTEM CONTROL NUMBER | |
| System control number | (Sirsi) u107621 |
| 050 ## - LIBRARY OF CONGRESS CALL NUMBER | |
| Classification number | 711.1 |
| -- | 18 |
| 110 ## - MAIN ENTRY--CORPORATE NAME | |
| Corporate name or jurisdiction name as entry element | Journal of Planning and Environment Law |
| 9 (RLIN) | 2913 |
| 245 ## - TITLE STATEMENT | |
| Title | Modernising for the millennium |
| 260 ## - PUBLICATION, DISTRIBUTION, ETC. | |
| Place of publication, distribution, etc. | London |
| Name of publisher, distributor, etc. | Sweet & Maxwell |
| Date of publication, distribution, etc. | 1999 |
| 300 ## - PHYSICAL DESCRIPTION | |
| Extent | 53p. |
| Dimensions | 24cm. |
| 490 ## - SERIES STATEMENT | |
| Series statement | Journal of Planning and Environment Law Occasional Paper |
| Volume/sequential designation | 37 |
| 505 ## - FORMATTED CONTENTS NOTE | |
| Formatted contents note | Joyce, Rorry - Forward |
| 505 ## - FORMATTED CONTENTS NOTE | |
| Formatted contents note | Gummer, John M.P - Keynote address |
| 505 ## - FORMATTED CONTENTS NOTE | |
| Formatted contents note | Grant, Malcolm - Regional government : the end of England? |
| 505 ## - FORMATTED CONTENTS NOTE | |
| Formatted contents note | Ash, Mike - Regional structures - coherence or conflict? |
| 505 ## - FORMATTED CONTENTS NOTE | |
| Formatted contents note | Cherry, Alan H - Towards an Urban Renasissance - a report by the Urban Task Force |
| 505 ## - FORMATTED CONTENTS NOTE | |
| Formatted contents note | Roots, Guy - Compulsory purchase : unlocking the potential |
| 505 ## - FORMATTED CONTENTS NOTE | |
| Formatted contents note | Norris, Steven - Transport and sustainable cities |
| 650 ## - SUBJECT ADDED ENTRY--TOPICAL TERM | |
| Topical term or geographic name entry element | DEVELOPMENT |
| 650 ## - SUBJECT ADDED ENTRY--TOPICAL TERM | |
| Topical term or geographic name entry element | Compulsory purchase |
| 9 (RLIN) | 6228 |
| 650 ## - SUBJECT ADDED ENTRY--TOPICAL TERM | |
| Topical term or geographic name entry element | URBAN TASK FORCE |
| 650 ## - SUBJECT ADDED ENTRY--TOPICAL TERM | |
| Topical term or geographic name entry element | REGENERATION |
| 650 ## - SUBJECT ADDED ENTRY--TOPICAL TERM | |
| Topical term or geographic name entry element | LOCAL GOVERNMENT |
| 690 ## - LOCAL SUBJECT ADDED ENTRY--TOPICAL TERM (OCLC, RLIN) | |
| Topical term or geographic name as entry element | ENVIRONMENTAL AND LAND CONSULTANCY-PLANNING AND DEVELOPMENT |
| 942 ## - ADDED ENTRY ELEMENTS (KOHA) | |
| Suppress in OPAC | 0 |
| Withdrawn status | Lost status | Source of classification or shelving scheme | Damaged status | Not for loan | Home library | Current library | Shelving location | Date acquired | Total Checkouts | Full call number | Barcode | Date last seen | Date last checked out | Copy number | Price effective from | Koha item type |
|---|---|---|---|---|---|---|---|---|---|---|---|---|---|---|---|---|
| Dewey Decimal Classification | London | London | Basement | 07/08/2000 | 2 | BASEMENT | 30062066 | 06/08/2019 | 22/09/2000 | 1 | 06/08/2019 | Book |